|
|
|
|
| LEADER |
00000cas a2200000 a 4500 |
| 001 |
vtls001377022 |
| 003 |
SK-MaSNL |
| 005 |
20260311075406.0 |
| 008 |
991115d19uuuuuuxr || 0 0 0cze c |
| 035 |
|
|
|a SNK000330963
|
| 040 |
|
|
|a SNK
|b slo
|c SNK
|e AACR2
|
| 041 |
0 |
|
|a cze
|
| 043 |
|
|
|a e-cs---
|
| 044 |
|
|
|a xr
|c CZ
|
| 072 |
|
7 |
|a 791
|x Film. Cirkus. Ľudová zábava
|2 konspekt
|
| 080 |
|
|
|a 791.43
|2 2011
|
| 080 |
|
|
|a (437)
|2 2011
|
| 080 |
|
|
|a (051)
|2 2011
|
| 080 |
|
|
|a 050
|2 2011
|
| 245 |
0 |
0 |
|a Le Film Tchécoslovaque
|
| 260 |
|
|
|a Prague
|b Film Tchécoslovaque
|
| 300 |
|
|
|a zv.
|c cm
|
| 650 |
0 |
7 |
|a film
|2 SNKPH
|9 1425
|
| 651 |
|
7 |
|a Československo
|2 SNKPH
|9 21376
|
| 655 |
|
7 |
|a časopisy
|2 SNKPH
|9 76610
|
| 910 |
|
|
|a snk
|
| 999 |
|
|
|c 526
|d 526
|
| 952 |
|
|
|t č. 1-12
|a SNK
|b SNK
|y PREZ
|7 0
|p 17A0218162
|o snkČB 2994/3/1950
|0 0
|1 1
|4 0
|d 1999-11-15
|l 0
|r 2005-01-02 00:00:00
|w 2026-02-21
|